[Event "Nittenau-ch 11th"]
[Site "Nittenau"]
[Date "2011.09.18"]
[Round "4"]
[White "Prossliner, Eduard"]
[Black "Kammer, Philipp"]
[Result "0-1"]
[WhiteElo "1494"]
[BlackElo "1085"]
[PlyCount "114"]
[EventDate "2011.09.16"]
[EventType "swiss"]
[EventRounds "5"]
[EventCountry "GER"]
[SourceTitle "EXT 2022"]
[Source "ChessBase"]
[SourceDate "2021.10.06"]
[SourceVersion "1"]
[SourceVersionDate "2021.10.06"]
[SourceQuality "1"]

1. b4 e5 2. Bb2 d6 3. g3 Nf6 4. Bg2 Bd7 5. Bxb7 Bc6 6. Bxa8 Bxa8 7. f3 e4 8. a3 Qe7 9. Kf2 g6 10. Nc3 Bh6 11. e3 Bg7 12. f4 0-0 13. h3 d5 14. Nge2 Nc6 15. Na4 Ne8 16. c3 g5 17. Rc1 gxf4 18. Nxf4 Ne5 19. Nc5 Nd6 20. Ba1 Ndc4 21. a4 a5 22. Rb1 Bh6 23. Rg1 Bg7 24. Kg2 Nf3 25. Qe2 Nxg1 26. Kxg1 Rb8 27. d3 exd3 28. Ncxd3 Qe4 29. Kf2 axb4 30. Rxb4 Rxb4 31. Nxb4 Qb1 32. Nc2 d4 33. cxd4 Be4 34. Nd3 c5 35. Bb2 Nxb2 36. Nxb2 Qxb2 37. Ne1 Qa3 38. Qc4 cxd4 39. exd4 Qb2+ 40. Ke3 Bg6 41. Nf3 Bh6+ 42. Ng5 Bxg5+ 43. Kf3 Qd2 44. Qc8+ Kg7 45. Qg4 Qe3+ 46. Kg2 Be4+ 47. Kf1 Qc1+ 48. Kf2 Qd2+ 49. Kf1 Bd3+ 50. Kg1 Qe1+ 51. Kh2 Qf2+ 52. Kh1 Qe1+ 53. Kh2 Qd2+ 54. Kh1 Qe3 55. h4 Be4+ 56. Kh2 Qf2+ 57. Kh3 Qg2# 0-1